000 00318nam a22001337a 4500
008 170526b xxu||||| |||| 00| 0 eng d
020 _a9780133757347
041 _aeng
080 _26TH
_a621.38
100 _a25
101 _aIM
245 _aELECTRONIC DEVICES AND CIRCUIT THEORY
_cBOYLESTAD, R.L
942 _2udc
_cBK
999 _c14410
_d14410